Modern Electronic Communication / (Record no. 897)
[ view plain ]
| 000 -LEADER | |
|---|---|
| fixed length control field | 00725nac a22002171u 4500 |
| 008 - FIXED-LENGTH DATA ELEMENTS--GENERAL INFORMATION | |
| fixed length control field | 110703t2005 nju|||||r|||| 001 0 eng d |
| 010 ## - LIBRARY OF CONGRESS CONTROL NUMBER | |
| LC control number | 2004040080 |
| 020 ## - INTERNATIONAL STANDARD BOOK NUMBER | |
| International Standard Book Number | 0131293028 |
| 020 ## - INTERNATIONAL STANDARD BOOK NUMBER | |
| International Standard Book Number | 9780131293021 |
| 082 00 - DEWEY DECIMAL CLASSIFICATION NUMBER | |
| Classification number | 621.382 |
| Item number | BEA |
| Edition number | 22 |
| 100 ## - MAIN ENTRY--PERSONAL NAME | |
| Personal name | Beasley, Jeffrey S., |
| 9 (RLIN) | 26063 |
| 245 10 - TITLE STATEMENT | |
| Title | Modern Electronic Communication / |
| Statement of responsibility, etc | Jeffrey S. Beasley, Gary M. Miller. |
| 250 ## - EDITION STATEMENT | |
| Edition statement | 8th ed. |
| 260 ## - PUBLICATION, DISTRIBUTION, ETC. (IMPRINT) | |
| Place of publication, distribution, etc | Upper Saddle River, N.J. : |
| Name of publisher, distributor, etc | Pearson/Prentice Hall, 2005 |
| Date of publication, distribution, etc | 2005. |
| 300 ## - PHYSICAL DESCRIPTION | |
| Extent | xxxi, 923 p. : |
| Other physical details | ill. (some col.) ; |
| Dimensions | 26 cm. + |
| Accompanying material | 1 CD-ROM (4 3/4 in.) |
| 500 ## - GENERAL NOTE | |
| General note | Includes index. |
| 650 #0 - SUBJECT ADDED ENTRY--TOPICAL TERM | |
| Topical term or geographic name as entry element | Telecommunication. |
| 9 (RLIN) | 26064 |
| 653 ## - INDEX TERM--UNCONTROLLED | |
| Resource For college | |
| 700 1# - ADDED ENTRY--PERSONAL NAME | |
| Personal name | Miller, Gary M., |
| Dates associated with a name | 1941- |
| 9 (RLIN) | 26065 |
| 942 ## - ADDED ENTRY ELEMENTS (KOHA) | |
| Item type | Book - Borrowing |
| Call number prefix | 621.382 BEA |
| Source of classification or shelving scheme | Dewey Decimal Classification |
| Withdrawn status | Item status | Damaged status | Not for loan | Home library | Current library | Shelving location | Date acquired | Source of acquisition | Cost, normal purchase price | Total Checkouts | Full call number | Barcode | Date last seen | Date last borrowed | Cost, replacement price | Koha item type | Source of classification or shelving scheme | Vendor |
|---|---|---|---|---|---|---|---|---|---|---|---|---|---|---|---|---|---|---|
| Central Library | Central Library | First floor | 06/08/2009 | Purchase | 217.00 | 2 | 621.382 BEA | 000003632 | 15/07/2025 | 20/04/2011 | 271.25 | Book - Borrowing | ||||||
| Central Library | Central Library | First floor | 03/07/2011 | 217.00 | 621.382 BEA | 000008063 | 24/08/2022 | 271.25 | CD | DVD - With book | Dewey Decimal Classification |